00398nam a2200145 a 450000500170000000800410001702000150005805000220007310000390009524500280013426000410016230000210020365000120022470000160023620140310183507.0100923s19uu xx 00 eng d a0671728237 aPZ 7b.Sm642 1992 aSmith, Philip E.dPhilip E. Smith. aJourney into darkness / aNew York :bPocket Books Pub,c1992. a271 p. :c18 cm. aFiction aHerz, Peggy